000 00723nam a22002297a 4500
999 _c27601
_d27601
005 20181103143757.0
008 090617t xxu||||| |||| 00| 0 eng d
010 _aENG-94101
020 _c275.00
_a9788183482868
035 _aEN-77634, B-3636936
037 _bDBAD / VEN
040 _adpl
_bEnglish
082 _a000
100 _aMishra, P.K.
245 _aB. Arch. (Bachelor of Architecture) entrance examinations /
_cby P.K. Mishra
260 _aMeerut
_bArihant Publications
_c2008
270 _aKalindi, TP Nagar,
_bMeerut
300 _aVarious pagings
_c26cm(pbk)
500 _aa complete self study guide
942 _2ddc
_cEN
_mMIS
_h000